Bilančná politika v podniku cestnej dopravy

Princíp a charakteristika bilančnej politiky v podniku cestnej dopravy. Ciele bilančnej politiky. Nástroje bilančnej politiky. Oceňovanie podniku. Zobrazenie situácie podniku pred dňom účtovnej uzávierky. Informačná politika podniku.

Salvato in:
Dettagli Bibliografici
Autore principale: Cisko, Štefan
Altri autori: Surovec, P.
Natura: Capitolo di libro
Lingua:slovacco
Soggetti:
Tags: Aggiungi Tag
Nessun Tag, puoi essere il primo ad aggiungerne!!

MARC

LEADER 00000naa a2200000 4500
001 r021664
005 20230825083554.4
041 0 |a slo 
044 |a SK 
245 1 0 |a Bilančná politika v podniku cestnej dopravy  |c Š. Cisko, P. Surovec 
520 |a Princíp a charakteristika bilančnej politiky v podniku cestnej dopravy. Ciele bilančnej politiky. Nástroje bilančnej politiky. Oceňovanie podniku. Zobrazenie situácie podniku pred dňom účtovnej uzávierky. Informačná politika podniku. 
610 2 0 |a doprava cestná 
610 2 0 |a bilancie 
610 2 0 |a majetok podnikový 
610 2 0 |a súvaha 
610 2 0 |a účtovníctvo 
610 2 0 |a zisk 
610 2 0 |a rezervy podnikové 
610 2 0 |a oceňovanie 
610 2 0 |a závierka účtovná 
100 1 |a Cisko, Štefan 
700 1 |a Surovec, P.